Top 10 New York Cities by Population - Statistics

General Stats
  • This quiz has been taken 22 times
  • The average score is 6 of 10
Answer Stats
Hint Answer % Correct
8,177,025 New York
100%
253,793 Buffalo
94%
94,807 Albany
83%
204,768 Rochester
83%
141,073 Syracuse
78%
201,831 Yonkers
61%
65,057 Schenectady
39%
66,415 Mount Vernon
28%
77,762 New Rochelle
22%
73,740 Cheektowaga
6%
No matching quizzes found
Score Distribution
Percent of People with Each Score
Percentile by Number Answered
Your Score History
You have not taken this quiz